| 000 | 00561nam a2200181 i 4500 | ||
|---|---|---|---|
| 001 | 79250 | ||
| 003 | ES-MaACL | ||
| 005 | 20230906173933.0 | ||
| 007 | t| | ||
| 008 | 041020s1966 sp ||||1| spa d | ||
| 100 | 1 |
_aHéricourt, Jean. _962716 |
|
| 245 | 1 | 0 |
_aMatrimonio y sexualidad _b: nuevas dimensiones del amor conyugal / _cJean Héricourt ; [traducción por Juan Bris]. |
| 250 | _a[1ª ed.]. | ||
| 260 |
_aBarcelona : _bFontanella, _c1966. |
||
| 300 |
_a352 p. ; _c19 cm. |
||
| 700 | 1 |
_aBris Montes, Juan. _9173038 |
|
| 852 |
_aES-MaACL _jC-31141 _bR.61393 |
||
| 999 |
_c79250 _d79250 |
||